000 00687 a2200217 4500
003 CBULib
005 20260526140003.0
008 260520b |||||||| |||| 00| 0 eng d
040 _aCBULib
_bEnglish
_cCBULib
_erda
041 _aeng
050 _aBOZ(05)ZB/2019/4
110 _95574
_aBank of Zambia(BOZ)
245 _aZAMBANKER : a Bank of Zambia journal : December 2019
_c/ by Bank of Zambia(BOZ)
260 _c2019
_aLusaka :
_bBank of Zambia,
300 _a47 pages : illustrations
336 _2rdacontent
_aText |
_btxt
337 _2rdamedia
_aUnmediated |
_bn
338 _2rdacarrier
_aVolume
_bnc
650 0 _95575
_aBANKS AND BANKING--ZAMBIA--PERIODICALS
942 _2mc
_c021
999 _c86746
_d86746